书目信息 |
| 题名: |
S1240 程控数字电话交换系统(下)软件概论
|
|
| 作者: | 上海贝尔电话设备制造有限公司 | |
| 分册: | ||
| 出版信息: | 北京 人民邮电出版社 1994.10 |
|
| 页数: | 203页 | |
| 开本: | 16开 | |
| 丛书名: | ||
| 单 册: | ||
| 中图分类: | TN916.428 | |
| 科图分类: | ||
| 主题词: | 电话 | |
| 电子资源: | ||
| ISBN: | 7-115-05103-8 | |
| 000 | 00693nam0 2200193 45 | |
| 001 | 0003201490 | |
| 005 | 20000320145717.4 | |
| 010 | @a7-115-05103-8@d11.60元 | |
| 100 | @a20000320d1994 km y0chiy0120 ea | |
| 101 | @achi | |
| 105 | @a z 000yy | |
| 200 | 1 | @aS1240 程控数字电话交换系统(下)软件概论@AS1240 Cheng Kong Shu Zi Dian Hua Jiao Huan Xi Tong(Xia)Ruan Jian Gai Lun@f上海贝尔电 话设备制造有限公司@FShang Hai Bei Er Dian Hua She Bei Zhi Zao You Xian Gong Si |
| 210 | @a北京@c人民邮电出版社@d1994.10 | |
| 215 | @a203页@d16开 | |
| 606 | 0 | @a电话 |
| 690 | @aTN916.428@v3 | |
| 701 | @a上海贝尔电话设备制造有限公司 | |
| 801 | @aCN@bPftUser@c20000320 | |
| 905 | @f1@b51046@dTN916.428@eSH:034 | |
| S1240 程控数字电话交换系统(下)软件概论/上海贝尔电 话设备制造有限公司.-北京:人民邮电出版社,1994.10 |
| 203页;16开 |
| ISBN 7-115-05103-8:11.60元 |
| ● |
| 相关链接 |
|
|
|
正题名:S1240程控数字电话交换系统(下)软件概论
索取号:TN916.428/SH:034
 
预约/预借
| 序号 | 登录号 | 条形码 | 馆藏地/架位号 | 状态 | 备注 |
| 1 | 51046 | 200510465 | 期刊室512/301自科库 29排4列2层/ [索取号:TN916.428/SH:034] | 在馆 |